L'Autriche pour les touristes... - Facile - Statistiques

Statistiques générales
  • Ce quiz a été pris 88 fois
    38 depuis la dernière actualisation
  • Le résultat moyen est 14 sur 20
Statistiques - réponses
Question Indice Réponses Indice facile % Correct
Quelles sont les principales villes touristiques ? V Vienne Capitale
100%
Quelle est le massif qui occupe les 2/3 de la superficie A Alpes Aussi en Italie, en France...
97%
La conduite se fait à droite ou à gauche ? Droite
97%
Quelle est la monnaie ? Euro
97%
Dans la capitale y-a-t-il un décalage horaire avec Paris ? (oui/non) Non
97%
Quelle est la langue officielle ? Allemand
94%
Achats à faire 2/ Boisson pétillante alcoolisée Bière Cervoise
94%
Quel est le plus long fleuve ? D Danube Plus long
94%
La vitesse sur autoroute est limitée à {130} km/h
88%
Achats à faire 1/ Boisson alcoolisée Vin Vignes
88%
Quelles sont les principales villes touristiques ? S Salzbourg Mozart
79%
Le taux d'alcoolémie toléré au volant est de {0.5} g/l
71%
Le suffixe internet est at
68%
La religion majoritaire est Christianisme C
68%
Quelles sont les principales villes touristiques ? I Innsbruck JO
62%
Achats à faire 3/ Bijoux en cristal (marque) Swarovski Très brillants
29%
Quelles sont les principales villes touristiques ? F Feldkirch KIRCHDELF
15%
Quelles sont les principales villes touristiques ? H Hallstatt TTLTSAHAL
12%
On peut y visiter les parcs nationaux de HT Hohe Tauern TOURNEEHAH
0%
On peut y visiter les parcs nationaux de T Thayatal ATTALHAY
0%
Aucun quiz correspondant
Distribution des résultats
% des personnes avec chaque résultat
Percentile par nombre de réponses
Votre historique - résultats
Vous n’avez pas pris ce quiz depuis la dernière actualisation